Intervención

Na minha lista:
Detalhes bibliográficos
Autor Corporativo: Federación Nacional de Trabajadores Agrícolas y de Plantaciones
Formato: Texto
Publicado em: San José: FENTRAP
Tags: Adicionar Tag
Sem tags, seja o primeiro a adicionar uma tag!

MARC

LEADER 00000 a a2200000 04500
001 25360
003
040
090 |a 181401  
110 |a Federación Nacional de Trabajadores Agrícolas y de Plantaciones  
245 |a Intervención  
260 |a San José:   |b FENTRAP  
300 |a 17 p  
999 |c 14172  |d 14172